00334nam a22001457a 4500003000400000020001800004082001700022100002300039245003100062250000800093260004000101300000900141650001900150653001900169SGT a9789351524441 a617.69bP17N aNallaswamy, Deepak aTextbook of Prosthodontics a2nd aDelhi, IndiabJaypee Brothersc2017 a1362 aProsthodontics aProsthodontics